| 000 | 01150nam0a22002771 4500 | ||
|---|---|---|---|
| 001 | RU\NLR\INFOCOMM_165\5000007135 | ||
| 005 | 20250613093708.0 | ||
| 035 | _a(NLR Aleph) 009216819 | ||
| 090 |
_a8782744 _c8782744 |
||
| 100 | _a20100526d1973 |||y0rusy50 ca | ||
| 101 | 0 | _afre | |
| 102 | _aRU | ||
| 105 | _aa ||||000|y | ||
| 200 | 1 | _aConférence de presse à la Maison centrale des journalistes, Moscou, le 5 septembre 1973 (sur le procès de Yakir et Krassine) | |
| 210 |
_aΜ. _cÉd. de l'Agence de presse "Novosti" _d1973 |
||
| 215 |
_a33 с. _cил. _d17 см |
||
| 300 | _aВ вып. дан.: Пресс-конференция в Центральном доме журналистов 5 сентября 1973 (о судебном процессе над Якиром и Красиным) | ||
| 606 |
_aЯкира-Красина судебный процесс _z1973 _2nlr_sh1 |
||
| 686 |
_aТ3(2)73-4 _2rubbk |
||
| 702 | 1 |
_aJakir _bP. I. _f1923- _gPetr Ionovič _4570 |
|
| 702 | 1 |
_aKrasin _bV. A. _gViktor Aleksandrovič _4570 |
|
| 801 | 1 |
_aRU _bNLR _c20100526 |
|
| 801 | 0 |
_aRU _bNLR _gPSBO |
|
| 852 |
_aNLR _jИр51 Д-2/188 |
||
| 942 | _cBOOK | ||
| 980 | _aNB | ||